Co čekají lidé na palubě od svého kapitána?
Vízia a jej realizácia ako základné elementy leadershipu. Známy výrok Winstona Churchilla o víťazstve. Čo očakávajú členovia tímu od svojho lídra. Férovosť a dôvera ako základ fungovania tímu. Kľudné verzus rozbúrené časy.
Salvato in:
| Autore principale: | |
|---|---|
| Natura: | Capitolo di libro |
| Lingua: | ceco |
| Soggetti: | |
| Tags: |
Nessun Tag, puoi essere il primo ad aggiungerne!!
|
MARC
| LEADER | 00000naa a2200000 4500 | ||
|---|---|---|---|
| 001 | 0234014 | ||
| 005 | 20170627131257.1 | ||
| 041 | 0 | |a cze | |
| 044 | |a CZ | ||
| 245 | 1 | 0 | |a Co čekají lidé na palubě od svého kapitána? |c Ivan Chocholouš |
| 520 | |a Vízia a jej realizácia ako základné elementy leadershipu. Známy výrok Winstona Churchilla o víťazstve. Čo očakávajú členovia tímu od svojho lídra. Férovosť a dôvera ako základ fungovania tímu. Kľudné verzus rozbúrené časy. | ||
| 610 | 2 | 0 | |a lídri |
| 610 | 2 | 0 | |a manažéri |
| 610 | 2 | 0 | |a tímy pracovné |
| 610 | 2 | 0 | |a vedenie ľudí |
| 610 | 2 | 0 | |a väzba spätná |
| 100 | 1 | |a Chocholouš, Ivan | |